000 005460000a22001810004500
003 MACL
005 20160210124819.0
008 160129b xxu||||| |||| 00| 0 eng d
040 _aMACL
_cMACL
041 _aHindi
082 _a351/FAD
100 _aफडिया डॉ. कूलदीप
_935326
245 _aलोक प्रशासन
260 _bसाहित्‍य भवन पब्लिकेशन्‍स
_aआगरा
350 _a120
650 _aPublic Administration
_935327
942 _cHIN
_k651/ FAD
_2ddc
999 _c30496
_d30496